000 01016cam a2200265 4500
008 090401t2000 xxu||||| |||| 00| 0 eng d
020 _a072772746X
035 _a(Sirsi) u99909
041 _aeng
050 _a690.0285
100 _aCole, Tim
245 _aElectronic communication in construction : achieving commercial advantage
260 _aLondon
_bThomas Telford
_c2000
300 _axi, 221p. ; 21cm.
520 _aThis book focuses on the commercial benefits of common information exchange in the construction industry. Various exchange services are discussed including the internet. The book aims to dispel some of the myths so that managers will be able to make informed decisions and achieve operational benefits.
650 _aINTERNET
650 _aWORLD WIDE WEB
650 _aINFORMATION EXCHANGE
650 _aE-COMMERCE
650 _aCITE
650 _aBUILT ENVIRONMENT
690 _aMANAGEMENT-BUSINESS MANAGEMENT-INFORMATION MANAGEMENT
942 _n0
948 _c20/05/1999
999 _c99519
_d99519